Sústava národohospodárskych analýz PPoK a jej informačný základ Správa o riadení čiastkovej úlohy za 1. etapu
Saved in:
| Main Author: | |
|---|---|
| Format: | Book |
| Language: | Slovak |
| Published: |
Bratislava
Výskumný ústav ekonomiky poľnohospodárstva a potravinárstva
1988
|
| Edition: | 1. vyd. |
| Tags: |
No Tags, Be the first to tag this record!
|
MARC
| LEADER | 00000nam a2200000 4500 | ||
|---|---|---|---|
| 001 | c038953 | ||
| 005 | 20221219092357.1 | ||
| 041 | 0 | |a slo | |
| 044 | |a SK | ||
| 245 | 1 | 0 | |a Sústava národohospodárskych analýz PPoK a jej informačný základ |b Správa o riadení čiastkovej úlohy za 1. etapu |c Jozef Dančo |
| 250 | |a 1. vyd. | ||
| 264 | 1 | |a Bratislava |b Výskumný ústav ekonomiky poľnohospodárstva a potravinárstva |c 1988 | |
| 300 | |a 66 s. | ||
| 100 | 1 | |a Dančo, Jozef | |